[Event "18 Torneo San Viator"]
[Site "Madrid ESP"]
[Date "2012.03.25"]
[Round "1.1"]
[White "Perez Calahorra, Ricardo"]
[Black "Ramos Pinto, Jose Maria"]
[Result "1-0"]
[WhiteElo "2158"]
[BlackElo "1593"]
[PlyCount "75"]
[EventDate "2012.03.25"]
[EventType "swiss"]
[EventRounds "9"]
[EventCountry "ESP"]
[Source "lmi"]
[SourceDate "2012.03.25"]

1. d4 Nf6 2. c4 e6 3. g3 d5 4. Bg2 Be7 5. Nf3 c5 6. cxd5 exd5 7. dxc5 Bxc5 8.
O-O O-O 9. Bg5 Be7 10. Nc3 Nc6 11. Bxf6 Bxf6 12. Nxd5 Bxb2 13. Rb1 Bf6 14. e4
Re8 15. Re1 Qd6 16. Qa4 Qd8 17. h4 Rb8 18. Rbd1 b5 19. Qc2 Bb7 20. Nxf6+ Qxf6
21. e5 Nxe5 22. Ng5 g6 23. Bxb7 Rxb7 24. f4 Qb6+ 25. Kh1 h6 26. Rxe5 Rxe5 27.
Qc8+ Kg7 28. fxe5 Rc7 29. Qd8 hxg5 30. hxg5 Qb7+ 31. Kg1 Rc2 32. Rd2 Rc1+ 33.
Kf2 Rc3 34. Qf6+ Kh7 35. Qf4 Qb6+ 36. Kg2 Qc6+ 37. Kh2 Rf3 38. Qh4+ 1-0

[Event "18 Torneo San Viator"]
[Site "Madrid ESP"]
[Date "2012.03.25"]
[Round "1.2"]
[White "Perez Carballeira, Francisco"]
[Black "Iturbide Arnedo, Oscar"]
[Result "0-1"]
[WhiteElo "1593"]
[BlackElo "2131"]
[PlyCount "68"]
[EventDate "2012.03.25"]
[EventType "swiss"]
[EventRounds "9"]
[EventCountry "ESP"]
[Source "lmi"]
[SourceDate "2012.03.25"]

1. d4 g6 2. c4 Bg7 3. Nc3 c5 4. d5 Bxc3+ 5. bxc3 f5 6. Bg5 Qa5 7. Qc2 d6 8. e3
Nd7 9. Nf3 Ngf6 10. Bd3 Nb6 11. O-O Bd7 12. Rfc1 O-O 13. Nd2 Ba4 14. Qb2 Qa6
15. Bxf6 Rxf6 16. Bf1 Nd7 17. Nf3 h6 18. Re1 Ne5 19. Nxe5 dxe5 20. f3 Bd7 21.
Bd3 Raf8 22. Rab1 b6 23. Qd2 Kg7 24. Rf1 Qc8 25. Rf2 Qc7 26. Be2 Qd6 27. g3 f4
28. e4 g5 29. g4 h5 30. h3 Rh6 31. Rg2 hxg4 32. hxg4 Rh3 33. Rf1 Qh6 34. Kf2
Qh4+ 0-1

[Event "18 Torneo San Viator"]
[Site "Madrid ESP"]
[Date "2012.03.25"]
[Round "1.3"]
[White "Cabanas Bravo, Juan Andres"]
[Black "Zhynguel Ramirez De Verger, Ale"]
[Result "1-0"]
[WhiteElo "2092"]
[BlackElo "1586"]
[PlyCount "29"]
[EventDate "2012.03.25"]
[EventType "swiss"]
[EventRounds "9"]
[EventCountry "ESP"]
[Source "lmi"]
[SourceDate "2012.03.25"]

1. e4 c5 2. Nf3 d6 3. d4 Nf6 4. Nc3 cxd4 5. Nxd4 Nc6 6. Bg5 e6 7. Qd2 a6 8.
O-O-O h6 9. Bxf6 Qxf6 10. Nxc6 bxc6 11. f4 d5 12. exd5 cxd5 13. Nxd5 exd5 14.
Qxd5 Rb8 15. Bb5+ 1-0

[Event "18 Torneo San Viator"]
[Site "Madrid ESP"]
[Date "2012.03.25"]
[Round "1.4"]
[White "Rodriguez Alonso, Marcos"]
[Black "Vallejo Nuno, Jorge"]
[Result "0-1"]
[WhiteElo "1567"]
[BlackElo "2068"]
[PlyCount "66"]
[EventDate "2012.03.25"]
[EventType "swiss"]
[EventRounds "9"]
[EventCountry "ESP"]
[Source "lmi"]
[SourceDate "2012.03.25"]

1. e4 e5 2. Nf3 f5 3. d3 d6 4. Nc3 Nf6 5. Bg5 Be7 6. Be2 O-O 7. Bxf6 Bxf6 8.
Qd2 c6 9. O-O-O a5 10. exf5 Bxf5 11. Ne4 Be7 12. Qc3 b5 13. Ng3 Be6 14. d4 b4
15. Qd3 Bxa2 16. dxe5 Bd5 17. exd6 Bxd6 18. Qd4 Rf4 19. Qd3 a4 20. Nf5 a3 21.
Nxd6 Qxd6 22. Kb1 Qf6 23. Nd4 c5 24. Bf3 Bf7 25. bxa3 Rxd4 26. Qb5 Ba2+ 27. Kc1
Qf4+ 28. Kb2 Rxa3 29. Rxd4 Qxd4+ 30. Kc1 Qf4+ 31. Kb2 Qe5+ 32. Kc1 Bf7 33. Rd1
Ra1+ 0-1

[Event "18 Torneo San Viator"]
[Site "Madrid ESP"]
[Date "2012.03.25"]
[Round "1.5"]
[White "Aguado Solana, Juan"]
[Black "Tevar Becerra, Alvaro"]
[Result "1-0"]
[WhiteElo "2060"]
[BlackElo "1564"]
[PlyCount "99"]
[EventDate "2012.03.25"]
[EventType "swiss"]
[EventRounds "9"]
[EventCountry "ESP"]
[Source "lmi"]
[SourceDate "2012.03.25"]

1. Nf3 Nc6 2. e4 e5 3. Bb5 d6 4. d4 Bd7 5. Nc3 a6 6. Bxc6 Bxc6 7. dxe5 dxe5 8.
Qxd8+ Rxd8 9. Nxe5 Rd6 10. Bf4 Re6 11. Nxc6 Rxc6 12. O-O-O Rc4 13. Nd5 Bd6 14.
Bxd6 cxd6 15. f3 Ne7 16. Ne3 Rc6 17. Rd4 O-O 18. Rhd1 Rd8 19. e5 Nc8 20. Nf5 f6
21. exd6 g6 22. d7 gxf5 23. dxc8=Q Rdxc8 24. Rd8+ Kf7 25. R1d7+ Ke6 26. Rxc8
Kxd7 27. Rxc6 Kxc6 28. Kd2 Kd5 29. Ke3 Ke5 30. f4+ Kd5 31. a4 Kc5 32. Kd2 Kd4
33. g3 h5 34. c3+ Kc4 35. Kc2 a5 36. b3+ Kc5 37. Kd3 Kd5 38. b4 b6 39. c4+ Kd6
40. b5 Kc5 41. Kc3 Kd6 42. Kd4 Kc7 43. Kd5 Kd7 44. h3 Ke7 45. Kc6 Ke6 46. c5
bxc5 47. b6 c4 48. b7 c3 49. b8=Q Kf7 50. Kd7 1-0

[Event "18 Torneo San Viator"]
[Site "Madrid ESP"]
[Date "2012.03.25"]
[Round "1.7"]
[White "Julian Serra, Rogelio"]
[Black "Garcia Rojas, Juan Carlos"]
[Result "1-0"]
[WhiteElo "2042"]
[BlackElo "1555"]
[PlyCount "75"]
[EventDate "2012.03.25"]
[EventType "swiss"]
[EventRounds "9"]
[EventCountry "ESP"]
[Source "lmi"]
[SourceDate "2012.03.25"]

1. c4 e5 2. g3 Bc5 3. Nc3 Nf6 4. Bg2 c6 5. d3 O-O 6. Nf3 b6 7. Nxe5 Bd4 8. Nf3
Bxc3+ 9. bxc3 Bb7 10. O-O d6 11. Nd4 Qc7 12. Nf5 Nbd7 13. Bf4 Ne5 14. Bg5 Qd7
15. Bh3 Kh8 16. Bxf6 gxf6 17. Qd2 Rg8 18. Qf4 Rad8 19. Qh4 Rg6 20. f4 Nxd3 21.
exd3 c5 22. Ne3 Qe8 23. Rae1 Qf8 24. Bf5 Rh6 25. Qg4 Bc8 26. Re2 Bxf5 27. Nxf5
Rg6 28. Qf3 Qg8 29. Rfe1 h6 30. Qc6 Qh7 31. Nxd6 Rdg8 32. Re8 R6g7 33. Rxg8+
Rxg8 34. Qd7 Qg7 35. Nxf7+ Kh7 36. Re7 Kg6 37. Qg4+ Kh7 38. Qf5+ 1-0

[Event "18 Torneo San Viator"]
[Site "Madrid ESP"]
[Date "2012.03.25"]
[Round "1.9"]
[White "Rodriguez Diaz, Alberto Jose"]
[Black "Lopez Guitian, Juan J"]
[Result "1-0"]
[WhiteElo "1979"]
[BlackElo "1506"]
[PlyCount "83"]
[EventDate "2012.03.25"]
[EventType "swiss"]
[EventRounds "9"]
[EventCountry "ESP"]
[Source "lmi"]
[SourceDate "2012.03.25"]

1. e4 e6 2. d4 c5 3. Nf3 a6 4. c3 Nf6 5. Bd3 d5 6. Nbd2 Nc6 7. exd5 Qxd5 8. Nc4
Qd8 9. Nce5 Qc7 10. O-O Bd6 11. Nxc6 Qxc6 12. Ne5 Qc7 13. f4 g6 14. Qa4+ Bd7
15. Nxd7 Nxd7 16. Kh1 O-O 17. Be4 Rac8 18. Qd1 Nf6 19. Bc2 cxd4 20. Qxd4 Be7
21. Qf2 b5 22. Qf3 Nd5 23. Be4 Nf6 24. Bc2 Rfd8 25. Be3 b4 26. Rac1 bxc3 27.
bxc3 Ba3 28. Rcd1 Rxd1 29. Rxd1 Bb2 30. Bd3 Nd5 31. Bxa6 Ra8 32. c4 Rxa6 33.
cxd5 exd5 34. Qxd5 Bf6 35. Rc1 Qb8 36. Qd7 Kg7 37. a4 Qb3 38. Qe8 Rxa4 39. Rc8
g5 40. Qg8+ Kh6 41. fxg5+ Kh5 42. Qxh7+ 1-0

[Event "18 Torneo San Viator"]
[Site "Madrid ESP"]
[Date "2012.03.25"]
[Round "1.10"]
[White "Mateos Cordero, Francisco"]
[Black "Noval Toldos, Francisco Javier"]
[Result "0-1"]
[WhiteElo "1491"]
[BlackElo "1977"]
[PlyCount "62"]
[EventDate "2012.03.25"]
[EventType "swiss"]
[EventRounds "9"]
[EventCountry "ESP"]
[Source "lmi"]
[SourceDate "2012.03.25"]

1. d4 Nf6 2. c4 g6 3. Nc3 Bg7 4. e4 d6 5. Nf3 O-O 6. Be2 e5 7. d5 a5 8. O-O Na6
9. h3 Nd7 10. Ne1 f5 11. exf5 gxf5 12. Bd2 Nac5 13. Qc1 f4 14. Bf3 Nf6 15. Qc2
b6 16. Kh2 Re8 17. g4 fxg3+ 18. fxg3 e4 19. Bg2 e3 20. Bc1 a4 21. Rf3 Bh6 22.
Nd3 Nxd3 23. Qxd3 Nd7 24. Qc2 Ne5 25. Rf1 Rf8 26. Qe2 Ba6 27. Rxf8+ Qxf8 28.
Bxe3 Bxc4 29. Qd2 Bxe3 30. Qxe3 Qe7 31. Bf1 Ng4+ 0-1

[Event "18 Torneo San Viator"]
[Site "Madrid ESP"]
[Date "2012.03.25"]
[Round "1.11"]
[White "Cuadrado Lopez, Francisco Javie"]
[Black "Vazquez Cabeza, Isaac"]
[Result "1-0"]
[WhiteElo "1970"]
[BlackElo "1471"]
[PlyCount "41"]
[EventDate "2012.03.25"]
[EventType "swiss"]
[EventRounds "9"]
[EventCountry "ESP"]
[Source "lmi"]
[SourceDate "2012.03.25"]

1. e4 e5 2. Nf3 Nc6 3. Bb5 Nd4 4. Nxd4 exd4 5. O-O Bc5 6. d3 a5 7. a4 c6 8. Bc4
Nf6 9. Qf3 d5 10. exd5 Nxd5 11. Re1+ Be7 12. Bg5 f6 13. Bh4 g5 14. Qh5+ Kf8 15.
Bg3 f5 16. f4 h6 17. fxg5 Bxg5 18. Bf2 Qd7 19. Bxd4 Nb4 20. Bc5+ Kg7 21. Re7+
1-0

[Event "18 Torneo San Viator"]
[Site "Madrid ESP"]
[Date "2012.03.25"]
[Round "1.12"]
[White "Herreros Ruiz, Jorge Alejandro"]
[Black "Rosa Ramirez, Victor D"]
[Result "0-1"]
[WhiteElo "1460"]
[BlackElo "1966"]
[PlyCount "126"]
[EventDate "2012.03.25"]
[EventType "swiss"]
[EventRounds "9"]
[EventCountry "ESP"]
[Source "lmi"]
[SourceDate "2012.03.25"]

1. d4 Nf6 2. c4 e5 3. dxe5 Ng4 4. Nf3 Nc6 5. Bf4 Bb4+ 6. Nbd2 f6 7. exf6 Qxf6
8. Bg5 Qxb2 9. Qb1 Qxb1+ 10. Rxb1 O-O 11. h3 Nf6 12. Bxf6 Rxf6 13. e3 b6 14.
Bd3 Rb8 15. Be4 Bb7 16. O-O a5 17. Bd5+ Kh8 18. Ne4 Rff8 19. Nfg5 Nd8 20. Bxb7
Nxb7 21. Rfd1 h6 22. Nf3 Rbe8 23. Nh4 Rxe4 24. Ng6+ Kg8 25. Nxf8 Kxf8 26. Rxd7
Bd6 27. g3 Re8 28. Rd1 Nc5 29. R1xd6 cxd6 30. Rxd6 Rb8 31. Kh2 Ne4 32. Rd5 Rb7
33. Rf5+ Rf7 34. Rd5 Nxf2 35. Rb5 Rf6 36. c5 bxc5 37. Rxc5 a4 38. Ra5 Nd1 39.
Rxa4 Nxe3 40. Ra8+ Kf7 41. a4 Rf2+ 42. Kg1 Rg2+ 43. Kh1 Rxg3 44. a5 Rxh3+ 45.
Kg1 Nc4 46. a6 Ra3 47. a7 Ne5 48. Kf2 Nc6 49. Ke2 Rxa7 50. Rxa7+ Nxa7 51. Kf2
Kf6 52. Kg2 Kf5 53. Kh1 g5 54. Kg1 Kf4 55. Kh1 g4 56. Kg2 g3 57. Kg1 Kf3 58.
Kf1 g2+ 59. Kg1 Nb5 60. Kh2 Kf2 61. Kh3 g1=Q 62. Kh4 Qg5+ 63. Kh3 Qg3# 0-1

[Event "18 Torneo San Viator"]
[Site "Madrid ESP"]
[Date "2012.03.25"]
[Round "1.13"]
[White "Gutierrez Sanchez, Fernando"]
[Black "Perez Mondejar, Adler"]
[Result "1-0"]
[WhiteElo "1929"]
[BlackElo "1423"]
[PlyCount "61"]
[EventDate "2012.03.25"]
[EventType "swiss"]
[EventRounds "9"]
[EventCountry "ESP"]
[Source "lmi"]
[SourceDate "2012.03.25"]

1. e4 c5 2. Nf3 d6 3. d4 cxd4 4. Nxd4 Nf6 5. Nc3 a6 6. Bc4 e6 7. O-O b5 8. Bb3
b4 9. Na4 Nxe4 10. Re1 Nc5 11. Nxc5 dxc5 12. Ba4+ Bd7 13. Nxe6 fxe6 14. Rxe6+
Be7 15. Bg5 Bxa4 16. Rxe7+ Qxe7 17. Bxe7 Kxe7 18. Qe2+ Kd6 19. Rd1+ Kc6 20.
Qe4+ Kb6 21. Qxa8 Bc6 22. Rd6 Rd8 23. Rxd8 Bxa8 24. Rxb8+ Ka7 25. Rg8 g6 26.
Rg7+ Kb6 27. Rxh7 Be4 28. c3 bxc3 29. bxc3 Bb1 30. a3 Kb5 31. Rb7+ 1-0

[Event "18 Torneo San Viator"]
[Site "Madrid ESP"]
[Date "2012.03.25"]
[Round "1.14"]
[White "Jimenez Sanchez, Juan Daniel"]
[Black "Munoz Manzano, Jose Manuel"]
[Result "1-0"]
[WhiteElo "1420"]
[BlackElo "1911"]
[PlyCount "89"]
[EventDate "2012.03.25"]
[EventType "swiss"]
[EventRounds "9"]
[EventCountry "ESP"]
[Source "lmi"]
[SourceDate "2012.03.25"]

1. d4 Nf6 2. c4 e6 3. Nf3 b6 4. Nc3 Bb4 5. Qc2 Bb7 6. Bd2 O-O 7. a3 Bxc3 8.
Bxc3 Be4 9. Qd2 d5 10. Ng5 Bg6 11. Rd1 h6 12. Nf3 Ne4 13. Qc1 Nd7 14. cxd5 Nxc3
15. Qxc3 exd5 16. e3 c5 17. Bb5 c4 18. Bc6 Nf6 19. Bxa8 Qxa8 20. Ne5 Bf5 21. f3
Nd7 22. Nxd7 Bxd7 23. O-O Re8 24. Rfe1 b5 25. Rd2 Bf5 26. Qb4 Qc6 27. Qc5 Qd7
28. Kf2 Rc8 29. Qb4 Bd3 30. b3 Qd8 31. Kg1 a5 32. Qc3 b4 33. axb4 axb4 34. Qxb4
Rb8 35. Qc3 Rxb3 36. Qa1 Qb8 37. Ra2 Qb4 38. Ra4 Qd2 39. Ra2 Qb4 40. Ra4 Qe7
41. Ra7 Qh4 42. Ra2 c3 43. g3 Qh5 44. Qd1 Rb1 45. Ra8+ 1-0

[Event "18 Torneo San Viator"]
[Site "Madrid ESP"]
[Date "2012.03.25"]
[Round "1.15"]
[White "Garcia Sanjuan, Jose"]
[Black "Perez Perez, Marta"]
[Result "1-0"]
[WhiteElo "1894"]
[BlackElo "1403"]
[PlyCount "57"]
[EventDate "2012.03.25"]
[EventType "swiss"]
[EventRounds "9"]
[EventCountry "ESP"]
[Source "lmi"]
[SourceDate "2012.03.25"]

1. e4 e5 2. f4 exf4 3. Nf3 Nc6 4. d4 d5 5. e5 Bg4 6. c3 Nge7 7. Bxf4 Ng6 8. Bg3
Be7 9. Be2 O-O 10. O-O Re8 11. b4 Qd7 12. Nbd2 f6 13. b5 Nd8 14. a4 Nf7 15.
exf6 Bxf6 16. Bd3 Nd6 17. Qb3 Nf5 18. Bxf5 Bxf5 19. Rfe1 c6 20. Ne5 Nxe5 21.
Bxe5 Bxe5 22. dxe5 b6 23. Nf3 Rac8 24. Nd4 cxb5 25. axb5 Be4 26. Rxe4 Kh8 27.
Ree1 Qc7 28. Nc6 Ra8 29. Qxd5 1-0

[Event "18 Torneo San Viator"]
[Site "Madrid ESP"]
[Date "2012.03.25"]
[Round "1.16"]
[White "Carballido Mateo, Ignacio"]
[Black "Bermejo Redondo, Oscar"]
[Result "0-1"]
[WhiteElo "1395"]
[BlackElo "1883"]
[PlyCount "80"]
[EventDate "2012.03.25"]
[EventType "swiss"]
[EventRounds "9"]
[EventCountry "ESP"]
[Source "lmi"]
[SourceDate "2012.03.25"]

1. b3 d5 2. Bb2 Bf5 3. e3 Nf6 4. c4 e6 5. Nc3 Be7 6. Nf3 O-O 7. d4 c5 8. h3 Qa5
9. a3 dxc4 10. Bxc4 Ne4 11. Qc1 Nc6 12. dxc5 Bf6 13. b4 Nxb4 14. O-O Nxc3 15.
Bxc3 Bxc3 16. Qxc3 Nc6 17. Qxa5 Nxa5 18. Be2 Rac8 19. g4 Bg6 20. Ne5 Nb3 21.
Nxg6 hxg6 22. Rab1 Nd2 23. Rxb7 Nxf1 24. Kxf1 Rxc5 25. Rxa7 Rb8 26. a4 Rb1+ 27.
Kg2 Ra1 28. Bb5 Rxb5 29. Ra8+ Kh7 30. axb5 Rxa8 31. g5 Rb8 32. f4 Rxb5 33. Kf3
Kg8 34. e4 Kf8 35. e5 Rb3+ 36. Kg4 Rb4 37. h4 Ke7 38. h5 gxh5+ 39. Kxh5 Rxf4
40. g6 Rf5+ 0-1

[Event "18 Torneo San Viator"]
[Site "Madrid ESP"]
[Date "2012.03.25"]
[Round "1.17"]
[White "Garcia-Ruiz Fuentes, Angel M"]
[Black "Jimenez Perez, Federico"]
[Result "1-0"]
[WhiteElo "1873"]
[BlackElo "1282"]
[PlyCount "123"]
[EventDate "2012.03.25"]
[EventType "swiss"]
[EventRounds "9"]
[EventCountry "ESP"]
[Source "lmi"]
[SourceDate "2012.03.25"]

1. e4 c5 2. Nf3 d6 3. d4 cxd4 4. Nxd4 a6 5. c4 Nf6 6. Nc3 e5 7. Nc2 Nc6 8. Bg5
Be7 9. Bxf6 Bxf6 10. Qd3 Be6 11. Rd1 O-O 12. Qxd6 Qxd6 13. Rxd6 Rad8 14. Rxd8
Rxd8 15. Nd5 Bg4 16. Be2 Bxe2 17. Kxe2 Bg5 18. h4 Bf6 19. Nxf6+ gxf6 20. Rd1
Nd4+ 21. Nxd4 exd4 22. Rd3 Kf8 23. Rf3 Rd6 24. Kd3 Ke7 25. Rf5 Rb6 26. b3 Rd6
27. Rh5 f5 28. Rxf5 Rf6 29. Rxf6 Kxf6 30. Kxd4 Ke6 31. f4 f5 32. e5 b6 33. b4
h5 34. a4 a5 35. b5 Kd7 36. c5 Kc7 37. c6 Kd8 38. Kd5 Ke7 39. g3 Kd8 40. Ke6
Ke8 41. c7 Kf8 42. c8=N Ke8 43. Nxb6 Kd8 44. Nc4 Kc7 45. Nxa5 Kb6 46. Nb3 Kc7
47. Kxf5 Kd7 48. Kg5 Ke6 49. Kxh5 Kd5 50. b6 Kc6 51. e6 Kxb6 52. e7 Kc6 53.
e8=Q+ Kd5 54. Qe2 Kd6 55. Qe5+ Kc6 56. Nd4+ Kb6 57. Qb5+ Kc7 58. Qc6+ Kd8 59.
Qb7 Ke8 60. Kg6 Kd8 61. Nc6+ Ke8 62. Qe7# 1-0

[Event "18 Torneo San Viator"]
[Site "Madrid ESP"]
[Date "2012.03.25"]
[Round "1.18"]
[White "San Felipe Gonzalez, Tomas"]
[Black "Navarro Fernandez, Miguel"]
[Result "0-1"]
[WhiteElo "1801"]
[BlackElo "1863"]
[PlyCount "94"]
[EventDate "2012.03.25"]
[EventType "swiss"]
[EventRounds "9"]
[EventCountry "ESP"]
[Source "lmi"]
[SourceDate "2012.03.25"]

1. d4 Nf6 2. c4 g6 3. Nc3 d5 4. Nf3 Bg7 5. Bf4 O-O 6. Rc1 c6 7. e3 Qa5 8. Bd3
dxc4 9. Bxc4 Ne4 10. O-O Nxc3 11. Rxc3 Bg4 12. h3 Bxf3 13. Qxf3 Nd7 14. Rc2 e5
15. dxe5 Nxe5 16. Bxe5 Qxe5 17. Bb3 Rad8 18. Rd1 Rxd1+ 19. Qxd1 Qc7 20. Rd2 c5
21. Bd5 b5 22. b3 Bc3 23. Rd3 Qa5 24. Qc2 Bb4 25. e4 Kg7 26. Rf3 Qc7 27. Qb2+
f6 28. a3 Ba5 29. Qc2 Bb6 30. Rc3 Qe5 31. Rf3 Qa1+ 32. Kh2 Qxa3 33. Rd3 Bc7+
34. g3 Be5 35. Bc6 a6 36. Kg2 Bd4 37. Rf3 Rc8 38. Bb7 Rc7 39. Bd5 Qb2 40. Qd1
c4 41. bxc4 bxc4 42. Qa4 Qb5 43. Qa3 c3 44. Qd6 Qd7 45. Qf4 c2 46. Qc1 Qb5 47.
Ba2 Qb2 0-1

[Event "18 Torneo San Viator"]
[Site "Madrid ESP"]
[Date "2012.03.25"]
[Round "1.19"]
[White "Cujba, Anca-Claudia"]
[Black "Escanciano Reyero, Daniel"]
[Result "1-0"]
[WhiteElo "1859"]
[BlackElo "1756"]
[PlyCount "72"]
[EventDate "2012.03.25"]
[EventType "swiss"]
[EventRounds "9"]
[EventCountry "ESP"]
[Source "lmi"]
[SourceDate "2012.03.25"]

1. e4 c6 2. d4 d5 3. e5 f6 4. Bd3 g6 5. h4 Bg7 6. f4 h5 7. Bxg6+ Kf8 8. Bxh5
Nh6 9. g4 Be6 10. f5 Bf7 11. Bxf7 Nxf7 12. e6 Nd6 13. Nc3 Qc7 14. Bf4 Nd7 15.
exd7 Qxd7 16. Qe2 Re8 17. Qe6 Qc7 18. O-O-O Bh6 19. Bxh6+ Rxh6 20. g5 Rh5 21.
Nf3 Nf7 22. Ne2 Nd8 23. Qe3 e6 24. gxf6 exf5 25. Qa3+ Kf7 26. Ne5+ Kxf6 27.
Rdg1 Rh6 28. h5 Ne6 29. Rg6+ Rxg6 30. Nxg6 c5 31. Qh3 Ng5 32. Qf1 Ne4 33. dxc5
Qxc5 34. Qg1 Nf2 35. Nc3 Qe3+ 36. Kb1 Nxh1 1-0

[Event "18 Torneo San Viator"]
[Site "Madrid ESP"]
[Date "2012.03.25"]
[Round "1.20"]
[White "Ore Leon, Gustavo"]
[Black "Garcia Carcedo, Jesus"]
[Result "0-1"]
[WhiteElo "1708"]
[BlackElo "1842"]
[PlyCount "204"]
[EventDate "2012.03.25"]
[EventType "swiss"]
[EventRounds "9"]
[EventCountry "ESP"]
[Source "lmi"]
[SourceDate "2012.03.25"]

1. e4 e6 2. d4 d5 3. Nd2 Nf6 4. e5 Nfd7 5. Bd3 c5 6. c3 Nc6 7. Ne2 cxd4 8. cxd4
f6 9. exf6 Nxf6 10. f4 Bd6 11. O-O O-O 12. Nf3 h6 13. Bg6 Ne7 14. Bb1 Bd7 15.
Qd3 Qb6 16. Nc3 Nf5 17. a4 Rac8 18. a5 Qc7 19. Ne5 Bxe5 20. fxe5 Ne4 21. Nxe4
dxe4 22. Qxe4 Bc6 23. Qg4 Qd7 24. Bxf5 exf5 25. Qd1 Be4 26. Rf2 Rc4 27. Be3 f4
28. Qf1 Rc2 29. Rxc2 Bxc2 30. Qc4+ Kh8 31. Qxc2 fxe3 32. Qe4 Qb5 33. Qxe3 Qxb2
34. Rd1 Qb5 35. Qd2 Qd5 36. h3 a6 37. Qc3 Re8 38. Rd3 Re6 39. Rg3 Rc6 40. Qb4
Rc1+ 41. Kh2 Rc8 42. Rg4 Qd7 43. Qb6 Re8 44. Rg6 Qf5 45. Qd6 h5 46. Rg3 Re6 47.
Qd8+ Kh7 48. Qg5 Qxg5 49. Rxg5 g6 50. d5 Re8 51. e6 Kg7 52. Kg3 Kf6 53. h4 Rc8
54. Kf3 Rc3+ 55. Ke2 Rc5 56. Kd3 Rxa5 57. Kc3 Ra4 58. g3 b5 59. Kb3 Re4 60. Ka3
Ra4+ 61. Kb3 Re4 62. Kc2 Re3 63. Kd2 Ra3 64. g4 hxg4 65. Rxg4 Ra2+ 66. Kc3 Ra3+
67. Kb2 Re3 68. Rd4 Ke7 69. d6+ Kd8 70. e7+ Kd7 71. Rg4 Re6 72. Rd4 Re3 73. Kc2
a5 74. Kd2 Re5 75. Kd3 a4 76. Kc3 a3 77. Rd2 Re4 78. Kc2 Rxh4 79. Re2 Rh8 80.
Kb3 Ra8 81. Ra2 Kxd6 82. Kb4 Kxe7 83. Kxb5 Kf6 84. Kc4 Ke5 85. Kd3 Ra4 86. Ke3
Rh4 87. Kf3 Rh3+ 88. Kg4 Rb3 89. Kg5 Kd4 90. Kxg6 Kc4 91. Rf2 Rb2 92. Rf4+ Kb3
93. Rf3+ Ka4 94. Rf4+ Rb4 95. Rf2 Rd4 96. Kf5 Kb3 97. Rf3+ Kb2 98. Rf2+ Kc3 99.
Ke5 Rd2 100. Rf3+ Kb2 101. Rf8 a2 102. Rb8+ Kc1 0-1

[Event "18 Torneo San Viator"]
[Site "Madrid ESP"]
[Date "2012.03.25"]
[Round "1.21"]
[White "Magan Gonzalez, Alberto"]
[Black "Garcia Otero, Pedro"]
[Result "1/2-1/2"]
[WhiteElo "1828"]
[BlackElo "1701"]
[PlyCount "64"]
[EventDate "2012.03.25"]
[EventType "swiss"]
[EventRounds "9"]
[EventCountry "ESP"]
[Source "lmi"]
[SourceDate "2012.03.25"]

1. e4 d5 2. exd5 Qxd5 3. d4 c6 4. c4 Qa5+ 5. Nc3 Nf6 6. Bd3 Bf5 7. Nge2 Bxd3 8.
Qxd3 e6 9. O-O Be7 10. Bd2 Qd8 11. Rad1 O-O 12. Ne4 Nxe4 13. Qxe4 Bf6 14. Bc3
Re8 15. Rd3 Na6 16. Rfd1 Nc7 17. Nf4 g6 18. g3 Qe7 19. h4 h5 20. Rf3 Kg7 21.
Nh3 Kh6 22. Qf4+ Kg7 23. Ng5 Bxg5 24. hxg5 Kg8 25. Kg2 Rad8 26. Rh1 e5 27. dxe5
Ne6 28. Qf6 Nxg5 29. Qxe7 Rxe7 30. Re3 Ne6 31. f4 Ng7 32. Bb4 Red7 1/2-1/2

[Event "18 Torneo San Viator"]
[Site "Madrid ESP"]
[Date "2012.03.25"]
[Round "1.22"]
[White "Rasillo Fuentes, Raul"]
[Black "Tevar Sanz, Gonzalo"]
[Result "0-1"]
[WhiteElo "1653"]
[BlackElo "1825"]
[PlyCount "60"]
[EventDate "2012.03.25"]
[EventType "swiss"]
[EventRounds "9"]
[EventCountry "ESP"]
[Source "lmi"]
[SourceDate "2012.03.25"]

1. d4 Nf6 2. c4 c5 3. d5 b5 4. Nf3 bxc4 5. Nc3 g6 6. e4 d6 7. Bxc4 Bg7 8. O-O
O-O 9. Re1 Ng4 10. Bf4 Nd7 11. h3 Nge5 12. Bb5 Nxf3+ 13. Qxf3 Ne5 14. Qd1 a6
15. Ba4 Qa5 16. Bg3 Nc4 17. Qc2 Nxb2 18. e5 Nxa4 19. Nxa4 Bf5 20. Qc4 Rab8 21.
a3 Bd7 22. Nc3 Rb6 23. Re3 Rfb8 24. exd6 exd6 25. Rae1 Bd4 26. Rd3 Bb5 27. Nxb5
Qxe1+ 28. Kh2 axb5 29. Qc2 Be5 30. Bxe5 Qxe5+ 0-1

[Event "18 Torneo San Viator"]
[Site "Madrid ESP"]
[Date "2012.03.25"]
[Round "1.23"]
[White "Ruiz Escobar, Israel"]
[Black "Rendo Quiros, Pedro"]
[Result "0-1"]
[WhiteElo "1821"]
[BlackElo "1643"]
[PlyCount "72"]
[EventDate "2012.03.25"]
[EventType "swiss"]
[EventRounds "9"]
[EventCountry "ESP"]
[Source "lmi"]
[SourceDate "2012.03.25"]

1. d4 d5 2. Bf4 Nf6 3. Nf3 e6 4. e3 Be7 5. Nbd2 O-O 6. Bd3 Nbd7 7. Ne5 c5 8. c3
c4 9. Bc2 a6 10. a4 Nxe5 11. Bxe5 Bd7 12. Qf3 b5 13. axb5 axb5 14. O-O Qb6 15.
Qh3 h6 16. e4 Qb7 17. exd5 exd5 18. Bf5 Bxf5 19. Qxf5 Rfd8 20. Rfe1 b4 21. Qf3
bxc3 22. Rxa8 Rxa8 23. bxc3 Qb2 24. Bf4 Bf8 25. h3 Ra3 26. Rb1 Qxc3 27. Qxc3
Rxc3 28. Rb8 g5 29. Bd6 Nh7 30. Bxf8 Nxf8 31. Rd8 Rc1+ 32. Kh2 c3 33. Nf3 c2
34. Rc8 Kg7 35. Ne5 Ne6 36. Nd3 Rd1 0-1

[Event "18 Torneo San Viator"]
[Site "Madrid ESP"]
[Date "2012.03.25"]
[Round "1.24"]
[White "Andres Rodriguez, Florencio"]
[Black "Balsinde Montemayor, Pablo"]
[Result "1-0"]
[WhiteElo "1583"]
[BlackElo "1810"]
[PlyCount "115"]
[EventDate "2012.03.25"]
[EventType "swiss"]
[EventRounds "9"]
[EventCountry "ESP"]
[Source "lmi"]
[SourceDate "2012.03.25"]

1. d4 d5 2. c4 c6 3. Nf3 Nf6 4. e3 a6 5. Nc3 Bf5 6. Qb3 Ra7 7. Be2 e6 8. O-O
Be7 9. Nh4 Bg6 10. Nxg6 hxg6 11. Bf3 Qd6 12. g3 b5 13. cxd5 cxd5 14. e4 dxe4
15. Nxe4 Nxe4 16. Bxe4 Nc6 17. Bxc6+ Qxc6 18. Bf4 g5 19. Rac1 Qd7 20. Be3 Ra8
21. Rfd1 Rd8 22. Qd3 Qd5 23. b3 Kd7 24. Rc2 Rxh2 25. Kf1 Qf3 26. Rc7+ Kxc7 27.
Bf4+ gxf4 28. Qxf3 fxg3 29. fxg3 Rd5 30. Qc3+ Kd7 31. Rc1 Rh1+ 32. Kg2 Rxc1 33.
Qxc1 Rxd4 34. Qc2 Bd6 35. Qf2 e5 36. Qxf7+ Kc6 37. Qf3+ Kb6 38. a4 e4 39. Qf2
Kc5 40. axb5 axb5 41. b4+ Kc4 42. Qf7+ Kxb4 43. Qxg7 Kc3 44. Qg5 Rd2+ 45. Kf1
b4 46. Qe3+ Rd3 47. Qxe4 b3 48. Qe1+ Kc2 49. Qe2+ Rd2 50. Qc4+ Kb2 51. g4 Ka2
52. Qa4+ Ba3 53. Qc4 Rc2 54. Qd5 Rb2 55. g5 Rb1+ 56. Ke2 Ka1 57. Qd4+ b2 58. g6
1-0

[Event "18 Torneo San Viator"]
[Site "Madrid ESP"]
[Date "2012.03.25"]
[Round "1.25"]
[White "Alonso Herrero, Ignacio"]
[Black "Vicioso Barbadillo, Juan J"]
[Result "1-0"]
[WhiteElo "1809"]
[BlackElo "1556"]
[PlyCount "59"]
[EventDate "2012.03.25"]
[EventType "swiss"]
[EventRounds "9"]
[EventCountry "ESP"]
[Source "lmi"]
[SourceDate "2012.03.25"]

1. e4 e6 2. d4 d5 3. Nd2 Bb4 4. c3 Be7 5. Bd3 Nf6 6. e5 Nfd7 7. Qg4 Bg5 8. f4
Bh6 9. Ngf3 Nc6 10. O-O b6 11. f5 exf5 12. Bxf5 Qe7 13. Re1 Bb7 14. e6 fxe6 15.
Rxe6 Qxe6 16. Bxe6 O-O-O 17. Nf1 Ncb8 18. Ne5 Bc6 19. Nf7 Rhf8 20. Nxd8 Rxd8
21. Bxh6 gxh6 22. Ne3 a5 23. Nxd5 Bxd5 24. Bxd5 Rf8 25. Re1 c6 26. Be6 c5 27.
Bxd7+ Nxd7 28. Re7 cxd4 29. Qxd7+ Kb8 30. Qb7# 1-0